| 000 | 00610cam a2200205 a 4500 | ||
|---|---|---|---|
| 001 | 11957080 | ||
| 005 | 20250318111728.0 | ||
| 008 | 000329s2001 maua b 001 0 eng | ||
| 020 | _a0205289959 | ||
| 020 | _a9780205289950 | ||
| 050 | 0 | 0 |
_aLB1051 _b.W74 2001 |
| 082 | 0 | 0 |
_a370.15 _221 |
| 100 | 1 |
_aHoy, Anita Woolfolk, _d1947- |
|
| 245 | 1 | 0 |
_aEducational psychology / _cAnita Woolfolk. |
| 250 | _a8th ed. | ||
| 260 |
_aBoston : _bAllyn and Bacon, _cc2001. |
||
| 300 |
_axxvi, 661 p. : _bill. (some col.) ; _c26 cm. + _e1 CD-ROM (4 3/4 in.) |
||
| 650 | 0 | _aEducational psychology. | |
| 942 |
_2lcc _cBK _e8th Ed. _n0 |
||
| 999 |
_c4925 _d4925 |
||